Shawn Mendes's Most Watched Music Videos - Statistics

General Stats
  • This quiz has been taken 126 times
    124 since last reset
  • The average score is 10 of 22
Answer Stats
Rank View Count Album Music Video % Correct
3 1.1 B Shawn Mendes Camila Cabello Señorita
95%
1 2 B Illuminate Treat You Better
82%
5 362 M Handwritten Camila Cabello I Know What You Did Last Summer
80%
2 1.3 B Handwritten Stitches
80%
16 75 M Wonder Justin Bieber Monster
77%
18 67 M Shawn Mendes Khalid Youth
63%
7 314 M Shawn Mendes In My Blood
61%
6 333 M Illuminate Mercy
59%
4 944 M Illuminate There's Nothing Holding Me Back
53%
19 60 M Wonder Wonder
53%
9 161 M Handwritten Something Big
48%
20 8.4 M Wonder Camila Cabello The Christmas Song
44%
12 97 M Shawn Mendes Lost In Japan
40%
8 180 M Shawn Mendes If I Can't Have You
37%
11 99 M Shawn Mendes Nervous
36%
10 122 M Handwritten Never Be Alone
34%
14 84 M Handwritten Life Of The Party
28%
21 4.4 M Wonder Intro (Wonder)
18%
13 95 M Handwritten Show You
14%
15 75 M Handwritten Aftertaste
13%
17 69 M Handwritten The Weight
11%
22 1 M Wonder Can't Imagine
9%
No matching quizzes found
Score Distribution
Percent of People with Each Score
Percentile by Number Answered
Your Score History
You have not taken this quiz since the last reset